banner-ar

كتاب ميتران واسرائيل واليهود / (Record no. 38036)

MARC details
000 -الفاتح
حقل البيانات ثابتة الطول 00784nam a2200229Ia 4500
005 - وقت وتاريخ اخر تعامل مع التسجيلة
رقم الضبط 20240530103253.0
008 - عناصر البيانات ثابتة الطول - معلومات عامة
حقل البيانات ثابتة الطول 140319s9999 xx 000 0 ara d
040 ## - مصدر الفهرسة
وكالة الفهرسة الأصلية GCL /
وكالة النسخ GCL
082 04 - رقم تصنيف ديوى العشرى
رقم التصنيف 327.440569
رقم المادة ا م
100 1# - المدخل الرئيسى - إسم شخصى
الإسم الشخصى وايف ديراى
245 10 - بيان العنوان
العنوان كتاب ميتران واسرائيل واليهود /
بيان المسئوليه,etc تاليف ايف ازيردل ، وايف ديراى
260 ## - PUBLICATION, DISTRIBUTION, ETC. (IMPRINT)
تاريخ النشر أو التوزيع 1994
300 ## - الوصف المادى
التعداد 186 ص
490 0# - بيان السلسلة
عنوان السلسلة كتب مترجمة
رقم المجلد/ التعيين التسلسلي 812
650 04 - المدخل الاضافى بالموضوع-مصطلح موضوعى
مصطلح موضوعي فرنسا
650 04 - المدخل الاضافى بالموضوع-مصطلح موضوعى
مصطلح موضوعي النزاع العربى الاسرائيلى
650 04 - المدخل الاضافى بالموضوع-مصطلح موضوعى
مصطلح موضوعي اسرائيل
700 1# - المدخل الاضافى - اسم شخصى
الإسم الشخصى الهيئه العامه للاستعلامات( ترج
700 1# - المدخل الاضافى - اسم شخصى
الإسم الشخصى ايف ايزروال
942 ## - عناصر المدخل الإضافي( كوها)
مصدر التصنيف او مخطط الترفيف Dewey Decimal Classification
Koha [default] item type كتاب
260 ## - PUBLICATION, DISTRIBUTION, ETC. (IMPRINT)
-- [S.N] :
-- الهيئة العامة للاستعلامات ،
Holdings
حالة التراجع حالة الفقد حالة تلف ليس للاعارة المكان المؤقت الموقع الحالى تاريخ الاكتساب اجمالي اﻻعارات رقم الطلب الباركود تاريخ اخر مشاهدة تاريخ تفعيل السعر نوع وعاء كوها
        مكتبة القاهرة الكبرى مكتبة القاهرة الكبرى 03/26/2014   327.440569\ ا م 92930 03/26/2014 03/26/2014 كتاب

Powered By

EGPV